La sexualidad de nuestros hijos

Tallennettuna:
Bibliografiset tiedot
Yhteisötekijät: CREFAL (Tekijä), Centro de Cooperación Regional para la Educación de Adultos en América Latina y el Caribe (Tekijä)
Aineistotyyppi: Kirja
Kieli:espanja
Julkaistu: Ciudad de México CREFAL 2000
Sarja:Los Libros de Mamá y Papá
Aiheet:
Tagit: Lisää tagi
Ei tageja, Lisää ensimmäinen tagi!

MARC

LEADER 00000nam a2200000 a 4500
001 UCN3691
003 CL-VaPUC
008 010706e20000000MX |||||||||||||||||spa|d
082 0 4 |a 649.65  |b CRE  |2 21 
110 2 |a CREFAL  |e author  |9 460315 
710 2 |a Centro de Cooperación Regional para la Educación de Adultos en América Latina y el Caribe  |e author  |9 460316 
245 1 3 |a La sexualidad de nuestros hijos 
300 |a 64 p 
942 |c BK 
945 |d 20010706 00:00:00  |a cmena 
260 |a Ciudad de México  |b CREFAL  |c 2000 
650 0 |a Educación sexual  |9 308005 
650 0 |a Educación en el hogar  |9 307975 
650 0 |a Familias   |9 255641 
583 |a last modification  |c 20010706 00:00:00  |k Rodrigo Vera 
490 0 |a Los Libros de Mamá y Papá 
999 |c 296477  |d 296475 
952 |0 0  |1 0  |4 0  |6 649_650000000000000_CRE_2000  |7 0  |8 A  |9 350267  |a BIBEDU  |b BIBEDU  |d 2019-11-20  |i 3737462  |o 649.65 CRE 2000  |p 3737462  |r 2019-11-20  |w 2019-11-20  |y BK  |k BME